| 000 | 00440cam a2200169ua 4500 | ||
|---|---|---|---|
| 020 | _c42.50 | ||
| 041 |
_aeng _h |
||
| 082 |
_a539.7 _bOLD/IN |
||
| 100 | _aOldenberg, Otto . | ||
| 245 |
_aIntroduction to atomic and nuclear physics / _cOtto Oldenberg. _hTextual Documents |
||
| 260 |
_aNew York : _bMcGraw Hill Book Company , _c1961. |
||
| 300 | _a380 ; . | ||
| 365 | _a42.50 | ||
| 504 | _a | ||
| 942 | _cBK | ||
| 999 |
_c7196 _d7196 |
||